000 01386nam0a22002531 4500
001 rc\4441050
005 20260407142503.0
021 _aRU
_bРг10857-67
035 _a(NLR Aleph) 008315116
090 _a8721951
_c8721951
100 _a20130416d1967 |||y0rusy50 ca
101 0 _arus
102 _aRU
105 _ay c |||||
200 1 _aИнструктивные материалы по проектированию устройств автоматики, телемеханики и связи на железнодорожном транспорте
_eИ-07-67
_eПеречень указаний техн. отд. и инструктивных материалов Гипротранссигналсвязи по устройствам СЦБ по состоянию на 1 июня 1967 г.
_fМ-во трансп. строительства СССР. Главтранспроект. Гос. проектно-изыскательский ин-т "Гипротранссигналсвязь"
210 _aЛенинград
_cБ. и.
_d1967
215 _a61 с.
_d30
300 _aОтпеч. множит. аппаратом
712 0 2 _a"Гипротранссигналсвязь", институт
_cЛенинград
_3RU\NLR\AUTH\8810012280
_9522342
801 0 _aRU
_bNLR
_gpsbo
801 1 _aRU
_bELAR
_2rusmarc
852 _aNLR
_jПт 88/172
942 _cBOOK
980 _aNB